000 00823nam a2200241Ia 4500
999 _c50889
_d50889
001 17844
003 GE_BSU
005 20200226142651.0
008 181216s2003ru xx |||||||||||||| ||rus||
020 _a97852040033453
040 _cGE_BSU
041 _arus
080 _a81'25+811.111 В-67
100 _aВолкова,З.Н.
_97495
245 _aПраво :
_bУчебное пособие по переводу /
_cЗ.Н. Волкова ; Ред. Т.П.Зыкова.
264 _aМосква :
_bИзд-во УРАО,
_c2003.
300 _a232 стр.:
_c22 см.
653 _aПраво
653 _aУчебное пособие по переводу
653 _aთარგმნის თეორია
700 _aЗыкова, Т.П.
_eრედაქტორი
_97496
942 _cBK
_2udc